• 首页
  • 本馆介绍
  • 公告通知
  • 最新文献
  • 馆藏检索
  • 电子资源
  • 读者导购
  • 参考咨询
  • 我的图书馆
  • 登录
  • 详细信息显示
  • 放入我的书架
  • 预约/预借图书
  • 作者相关作品
  • 分类相关作品
  • 丛书相关作品
  • 出版社相关作品

书目信息

  • 表格格式
  • 工作单格式
  • 卡片格式
题名:
格列佛游记
    
 
作者: 斯威夫特 著
分册:  
出版信息: 合肥   安徽少年儿童出版社  2016
页数: 392页
开本: 22cm
丛书名: 小树苗经典文库
单 册:
中图分类: H125.4
科图分类:
主题词: 汉语拼音--han yu pin yin--少儿读物
电子资源:
ISBN: 978-7-5397-9052-7
000 01057nam0 22002531 450
001 1759803285
005 20170603153402.0
010    @a978-7-5397-9052-7@dCNY35.00
100    @a20170522d2016 em y0chiy50 ea
101 0  @achi
102    @aCN@b340000
105    @aa z 000yy
106    @ar
200 1  @a格列佛游记@Age lie fo you ji@f(英)斯威夫特著
210    @a合肥@c安徽少年儿童出版社@d2016
215    @a392页@d22cm
225 2  @a小树苗经典文库@Axiao shu miao jing dian wen ku
330    @a《小树苗经典文库·世界儿童文学经典名著》是一套为青少年读者精心打造的彩绘版文学全译本。本册为《格列佛游记》,它是英国作家乔纳森·斯威夫特的一部杰出的游记体讽刺小说。本书以主人公格列佛自述的方式记叙他周游四国的经历,通过格列佛在利立浦特、布罗卜丁奈格、飞岛国、慧骃国的奇特经历,对18世纪前半期的英国社会生活进行了全面的讽刺与批判。
461  0 @12001 @a小树苗经典文库
606    @a汉语拼音@Ahan yu pin yin@x少儿读物
690    @aH125.4@v5
701  0 @c(英)@a斯威夫特@Asi wei fu te@4著
801  0 @aCN@bTANGWEI@c20170428
905    @b1007934-9@dH125.4@e36@f5
    
    格列佛游记/(英)斯威夫特著.-合肥:安徽少年儿童出版社,2016
    392页;22cm.-(小树苗经典文库)
    
    
    ISBN 978-7-5397-9052-7:CNY35.00
    《小树苗经典文库·世界儿童文学经典名著》是一套为青少年读者精心打造的彩绘版文学全译本。本册为《格列佛游记》,它是英国作家乔纳森·斯威夫特的一部杰出的游记体讽刺小说。本书以主人公格列佛自述的方式记叙他周游四国的经历,通过格列佛在利立浦特、布罗卜丁奈格、飞岛国、慧骃国的奇特经历,对18世纪前半期的英国社会生活进行了全面的讽刺与批判。
●
相关链接 在E读中查询图书 在五车中查询图书 在当当中查询图书 在豆瓣中查询图书


正题名:格列佛游记     索取号:H125.4/36         预约/预借

序号 登录号 条形码 馆藏地/架位号 状态 备注
1 1007934   210079341   第二样本阅览室/ [索取号:H125.4/36] 在馆    
2 1007935   210079350   教育系资料室/ [索取号:H125.4/36] 在馆    
3 1007936   210079369   教育系资料室/ [索取号:H125.4/36] 在馆    
4 1007937   210079378   教育系资料室/ [索取号:H125.4/36] 在馆    
5 1007938   210079387   第四借阅区/ [索取号:H125.4/36] 在馆    
6 1007939   210079396   第四借阅区/ [索取号:H125.4/36] 在馆    
唐山师范学院图书馆 欢迎您!
大连网信软件有限公司© 版权所有